Flags of Equator Countries - Sudden Death - Statistics

General Stats
  • This quiz has been taken 1,312 times
  • The average score is 3 of 13
Answers on the Grid
Answers color-coded by a green-red scale on the quiz's grid according to % correct below.
 
Answer Stats
Answer % Correct
57%
40%
31%
29%
29%
27%
24%
20%
19%
18%
16%
15%
12%
No matching quizzes found
Score Distribution
Percent of People with Each Score
Percentile by Number Answered
Your Score History
You have not taken this quiz